| 000 | 00710nam a2200229Ia 4500 | ||
|---|---|---|---|
| 005 | 20231121095807.0 | ||
| 008 | 131103s9999 xx 000 0 und d | ||
| 020 |
_a8182052777 _cRs 1800(set) |
||
| 040 | _aLoreto College | ||
| 041 | _aEnglish | ||
| 082 |
_a323 _bTHO |
||
| 245 |
_aHuman Rights of Tribals _bVolume 1 : Status of Tribals in India _cEditor Jhon K. Thomas |
||
| 250 | _a In 2 Volumes. | ||
| 260 |
_aDelhi _bIsha Books _c2005 |
||
| 300 | _aviii,303p | ||
| 504 | _aV1: Status of tribals in India;V2: Empowerment and protection of the Rights of tribals | ||
| 650 | _aHuman Rights | ||
| 651 | _aTribal Rights in India | ||
| 700 | _aThomas, Jhon K., ed | ||
| 850 | _aLCLIB | ||
| 942 | _cBK | ||
| 999 |
_c17252 _d67731 |
||